Effizienz der Verwaltung und Rechtsschutz im Verfahren: Can. 1739 in der Dynamik der hierarchischen Beschwerde
Preliminary Material -- Abkürzungen -- Einleitung -- Allgemeine Bemerkungen zur Kirchlichen Verwaltung -- Die Verwaltungsbeschwerde in der historischen Entwicklung und im CIC/1983 -- Die Redaktionsgeschichte von can. 1739 -- Exegetische Analyse von can. 1739 -- Formale Fragen zu can. 1739 -- Die Ent...
MARC
| LEADER | 00000cam a22000002c 4500 | ||
|---|---|---|---|
| 001 | 1755451199 | ||
| 003 | DE-627 | ||
| 005 | 20260419164133.0 | ||
| 007 | cr uuu---uuuuu | ||
| 008 | 210420s2014 ne |||||om 00| ||eng c | ||
| 020 | |a 9783657779468 |q electronic book |9 978-3-657-77946-8 | ||
| 020 | |z 9783506779465 | ||
| 024 | 7 | |a 10.30965/9783657779468 |2 doi | |
| 035 | |a (DE-627)1755451199 | ||
| 035 | |a (DE-599)KEP059302593 | ||
| 035 | |a (OCoLC)1373019739 | ||
| 035 | |a (NL-LeKB)9783657779468 | ||
| 035 | |a (DE-627-1)059302593 | ||
| 040 | |a DE-627 |b ger |c DE-627 |e rda | ||
| 041 | |a eng | ||
| 044 | |c XA-NL | ||
| 050 | 0 | |a KBU160 | |
| 072 | 7 | |a LNDC |2 bicssc | |
| 072 | 7 | |a LAW 016000 |2 bisacsh | |
| 072 | 7 | |a LAW 013000 |2 bisacsh | |
| 082 | 0 | |a 262.947 | |
| 084 | |a 1 |2 ssgn | ||
| 084 | |a BR 6680 |q SEPA |2 rvk |0 (DE-625)rvk/15985: | ||
| 084 | |a PX 380 |q SEPA |2 rvk |0 (DE-625)rvk/141017: | ||
| 084 | |a 86.97 |2 bkl | ||
| 100 | 1 | |0 (DE-588)1054235902 |0 (DE-627)791241335 |0 (DE-576)410091014 |4 aut |a Fürnkranz, Johannes | |
| 109 | |a Fürnkranz, Johannes | ||
| 245 | 1 | 0 | |a Effizienz der Verwaltung und Rechtsschutz im Verfahren |b Can. 1739 in der Dynamik der hierarchischen Beschwerde |c Johannes Fürnkranz |
| 246 | 3 | 3 | |a Can. 1739 in der Dynamik der hierarchischen Beschwerde |
| 264 | 1 | |a Paderborn |b Verlag Ferdinand Schöningh |c 2014 | |
| 300 | |a 1 Online-Ressource (1 online resource) | ||
| 336 | |a Text |b txt |2 rdacontent | ||
| 337 | |a Computermedien |b c |2 rdamedia | ||
| 338 | |a Online-Ressource |b cr |2 rdacarrier | ||
| 490 | 1 | |a Kirchen- und Staatskirchenrecht |v 19 | |
| 490 | 0 | |a Schöningh, Fink and mentis Religious Studies, Theology and Philosophy E-Books Online, Collection 2013-2017, ISBN: 9783657100095 | |
| 520 | |a Preliminary Material -- Abkürzungen -- Einleitung -- Allgemeine Bemerkungen zur Kirchlichen Verwaltung -- Die Verwaltungsbeschwerde in der historischen Entwicklung und im CIC/1983 -- Die Redaktionsgeschichte von can. 1739 -- Exegetische Analyse von can. 1739 -- Formale Fragen zu can. 1739 -- Die Entscheidung des hierarchischen Oberen nach can. 1739 und die rechtliche Stellung Der Parteien -- Die Entscheidung des hierarchischen Oberen nach can. 1739 und das Verhältnis von Untergeordnetem und hierarchischem Oberen -- Schlussbemerkungen -- Synoptische Darstellung der Redaktionsgeschichte von can. 1739 -- Tabellarische Übersicht über das Verwaltungsbeschwerdeverfahren nach dem CIC/1983 -- Prot. N. 34723/03 CA – amotionis parochi: Lateinischer Text des Endurteils des SSAT und deutsche Übersetzung -- Bibliographie -- Namensregister. | ||
| 520 | |a Der Obere im kirchlichen Verwaltungsbeschwerdeverfahren – zwischen Effizienz der Verwaltung und Rechtsschutz im Verfahren. Can. 1739 CIC/1983 zählt sieben Entscheidungsmöglichkeiten über die Beschwerde auf. Ist der Spielraum des kirchlichen Oberen damit auf sieben mögliche Maßnahmen beschränkt? Handelt es sich um eine bloß beispielhafte Aufzählung, die dem Oberen völlige Handlungsfreiheit lässt? Welche Kriterien und Orientierungslinien sind dem Oberen zur Hand gegeben? Ekklesiologische und rechtstheoretische Grundlagen der hierarchischen Beschwerde und deren Umsetzung im kirchlichen Verwaltungsrecht (Subsidiaritätsprinzip, Rechtsschutzanliegen, konkrete Verfahrensschritte usw.) werden untersucht. Ebenso die strukturelle Position des hierarchischen Oberen im Gesamtgefüge des kirchlichen Verwaltungsaufbaus: Im Spannungsfeld zwischen bestmöglicher Effektivität der Verwaltung und notwendigem Schutz der Rechte der Gläubigen | ||
| 546 | |a Translated from the Japanese | ||
| 601 | |a Effizienz | ||
| 601 | |a Verwaltung | ||
| 601 | |a Rechtsschutz | ||
| 601 | |a Verfahren | ||
| 601 | |a Dynamik | ||
| 610 | 2 | 7 | |0 (DE-588)1126758981 |0 (DE-627)881344982 |0 (DE-576)444577793 |a Katholische Kirche |t Codex iuris canonici |f 1983 |p can. 1739 |2 gnd |
| 650 | 0 | |a Canon Law | |
| 650 | 0 | |a Church Management |x Law and legislation | |
| 650 | 0 | |a Complaints (Canon law) | |
| 650 | 0 | 7 | |0 (DE-588)4177667-7 |0 (DE-627)105346950 |0 (DE-576)209979275 |a Rekurs |2 gnd |
| 650 | 0 | 7 | |0 (DE-588)4048835-4 |0 (DE-627)106189387 |0 (DE-576)209079444 |a Rechtsschutz |2 gnd |
| 650 | 0 | 7 | |0 (DE-588)4063317-2 |0 (DE-627)106128507 |0 (DE-576)209148136 |a Verwaltung |2 gnd |
| 650 | 0 | 7 | |0 (DE-588)4202041-4 |0 (DE-627)104174145 |0 (DE-576)210145897 |a Jurisdiktion |2 gnd |
| 650 | 0 | 7 | |0 (DE-588)4133860-1 |0 (DE-627)104813814 |0 (DE-576)209647426 |a Kirchenverwaltung |2 gnd |
| 650 | 0 | 7 | |0 (DE-588)4024842-2 |0 (DE-627)106296159 |0 (DE-576)208957758 |a Hierarchie |2 gnd |
| 650 | 0 | 7 | |0 (DE-588)4006012-3 |0 (DE-627)104791780 |0 (DE-576)208863982 |a Beschwerde |2 gnd |
| 650 | 0 | 7 | |0 (DE-588)4073199-6 |0 (DE-627)106093029 |0 (DE-576)209189711 |a Kanonisches Recht |2 gnd |
| 650 | 4 | |a Kodexreform | |
| 655 | 7 | |a Hochschulschrift |0 (DE-588)4113937-9 |0 (DE-627)105825778 |0 (DE-576)209480580 |2 gnd-content | |
| 689 | 0 | 0 | |d s |0 (DE-588)4133860-1 |0 (DE-627)104813814 |0 (DE-576)209647426 |2 gnd |a Kirchenverwaltung |
| 689 | 0 | 1 | |d s |0 (DE-588)4024842-2 |0 (DE-627)106296159 |0 (DE-576)208957758 |2 gnd |a Hierarchie |
| 689 | 0 | 2 | |d s |0 (DE-588)4006012-3 |0 (DE-627)104791780 |0 (DE-576)208863982 |2 gnd |a Beschwerde |
| 689 | 0 | 3 | |d s |0 (DE-588)4073199-6 |0 (DE-627)106093029 |0 (DE-576)209189711 |2 gnd |a Kanonisches Recht |
| 689 | 0 | |5 DE-101 | |
| 776 | 1 | |z 9783506779465 |c print | |
| 776 | 0 | 8 | |i Erscheint auch als |n Druck-Ausgabe |a Fürnkranz, Johannes |t Effizienz der Verwaltung und Rechtsschutz im Verfahren |d Paderborn : Schöningh, 2014 |h 406 S |w (DE-627)774853433 |w (DE-576)399936041 |z 350677946X |z 9783506779465 |k Non-Electronic |
| 787 | 0 | 8 | |i Rezensiert in |a Bauer, Manfred, 1966 - |t [Rezension von: Fürnkranz, Johannes, Effizienz der Verwaltung und Rechtsschutz im Verfahren : Can. 1739 in der Dynamik der hierarchischen Beschwerde] |d 2018 |w (DE-627)1963696549 |
| 787 | 0 | 8 | |i Rezensiert in |a Mückl, Stefan, 1970 - |t [Rezension von: Fürnkranz, Johannes, Effizienz der Verwaltung und Rechtsschutz im Verfahren : Can. 1739 in der Dynamik der hierarchischen Beschwerde] |d 2017 |w (DE-627)1763638324 |
| 787 | 0 | 8 | |i Rezensiert in |a Rieger, Rafael M. |t [Rezension von: Fürnkranz, Johannes, Effizienz der Verwaltung und Rechtsschutz im Verfahren : Can. 1739 in der Dynamik der hierarchischen Beschwerde] |d 2015 |w (DE-627)1776009908 |
| 787 | 0 | 8 | |i Rezensiert in |a Rieger, Rafael M. |t [Rezension von: Fürnkranz, Johannes, Effizienz der Verwaltung und Rechtsschutz im Verfahren : Can. 1739 in der Dynamik der hierarchischen Beschwerde] |d 2015 |w (DE-627)1763585026 |
| 787 | 0 | 8 | |i Rezensiert in |a Schöch, Nikolaus, 1960 - |t [Rezension von: Fürnkranz, Johannes, Effizienz der Verwaltung und Rechtsschutz im Verfahren : Can. 1739 in der Dynamik der hierarchischen Beschwerde] |d 2014 |w (DE-627)176360246X |
| 830 | 0 | |a Kirchen- und Staatskirchenrecht |v 19 |9 19 |w (DE-627)889239428 |w (DE-576)489423833 |w (DE-600)2896110-9 |x 2629-978X |7 am | |
| 856 | 4 | 0 | |u http://dx.doi.org/10.30965/9783657779468 |m X:BRILL |x Resolving-System |z DOI |z lizenzpflichtig |7 1 |
| 912 | |a ZDB-95-BOC | ||
| 912 | |a ZDB-95-SFL | ||
| 912 | |a ZDB-95-SFR |b 2013-2017 | ||
| 912 | |a ZDB-95-SFM | ||
| 935 | |a KALD | ||
| 936 | r | v | |a BR 6680 |b Verwaltungsgerichtsbarkeit in der Kirche |k Theologie und Religionswissenschaften |k Kirchenrecht |k Sonderdarstellungen zum Kirchenrecht |k Verwaltungsrecht |k Prozess- und Strafrecht |k Gerichtsentscheidungen |k Verwaltungsgerichtsbarkeit in der Kirche |0 (DE-627)1270754904 |0 (DE-625)rvk/15985: |0 (DE-576)200754904 |
| 936 | r | v | |a PX 380 |b Monografien |k Rechtswissenschaft |k Kirchenrecht ab 1918 |k Monografien |0 (DE-627)1270912879 |0 (DE-625)rvk/141017: |0 (DE-576)200912879 |
| 936 | b | k | |a 86.97 |j Kirchenrecht |q SEPA |0 (DE-627)106422464 |
| 951 | |a BO | ||
| CAL | |a 217390000_217399999 | ||
| CAN | |a 1 | ||
| ELC | |a 1 | ||
| LOK | |0 000 xxxxxcx a22 zn 4500 | ||
| LOK | |0 001 4931396240 | ||
| LOK | |0 003 DE-627 | ||
| LOK | |0 004 1755451199 | ||
| LOK | |0 005 20260308164012 | ||
| LOK | |0 008 260308||||||||||||||||ger||||||| | ||
| LOK | |0 040 |a DE-Tue135-1 |c DE-627 |d DE-Tue135-1 | ||
| LOK | |0 852 |a DE-Tue135-1 | ||
| LOK | |0 852 1 |m p |9 00 | ||
| LOK | |0 935 |a inmo | ||
| LOK | |0 938 |k p | ||
| LOK | |0 939 |a 2026-03-08 |b l01 | ||
| ORI | |a TA-MARC-ixtheoa001.raw | ||
| REF | |a Kirchenhierarchie | ||
| REL | |a 1 | ||
| STA | 0 | 0 | |a Administration (motif),Administration,Public administration,State administration,Public administration,Canon law,Ecclesiastical law,Catholic church law,Church law,Church administration,Church,Administration,Complaint,Reclamation,Hierarchy,Jurisdiction,Legal protection |
| STB | 0 | 0 | |a Administration (motif),Administration,Administration publique,Administration de l'Église,Droit canonique,Hiérarchie,Juridiction,Plainte,Recours administratif,Recours administratif,Protection juridique |
| STC | 0 | 0 | |a Administración,Administración eclesial,Derecho canónico,Jerarquía,Jurisdicción,Protección jurídica,Queja,Reclamación,Reclamación |
| STD | 0 | 0 | |a Amministrazione della Chiesa,Amministrazione,Agenzie amministrative,Diritto canonico,Gerarchia,Giurisdizione,Lamentela,Tutela giuridica |
| STE | 0 | 0 | |a 审判权,司法管辖权,教会法,教会行政部门,教会管理处,法律保护,法律保障,申诉,抱怨,等级制度,管理,行政 |
| STF | 0 | 0 | |a 審判權,司法管轄權,教會法,教會行政部門,教會管理處,法律保護,法律保障,申訴,抱怨,等級制度,管理,行政 |
| STG | 0 | 0 | |a Administração,Administração eclesial,Direito canônico,Hierarquia,Jurisdição,Proteção jurídica,Queixa,Reclamação,Reclamação |
| STH | 0 | 0 | |a Администрация,Жалоба,Иерархия,Каноническое право,Правовая защита,Управление церкви,Юрисдикция |
| STI | 0 | 0 | |a Δικαιοδοσία,Διοίκηση,Διοίκηση της Εκκλησίας,Ιεραρχία,Κανονικό Δίκαιο,Εκκλησιαστικό Δίκαιο,Καταγγελία,Παράπονο,Νομική προστασία |
| SUB | |a CAN |a REL | ||
| SYE | 0 | 0 | |a Gerichtsschutz , Administration,Öffentliche Verwaltung,Staatsverwaltung,Verwalten,Verwaltungssystem , Hirtengewalt,Jurisdiktionsgewalt,Leitungsgewalt , Kirchliche Verwaltung , Hierarchische Organisation,Soziale Hierarchie,Soziale Rangordnung,Rang , Beschwerderecht,Beschwerdeverfahren , Katholisches Kirchenrecht |
| SYG | 0 | 0 | |a Kirchliche Verwaltung , Hierarchische Organisation,Soziale Hierarchie,Soziale Rangordnung,Rang , Beschwerderecht,Beschwerdeverfahren , Katholisches Kirchenrecht |



